मास्टर ऑफ़ नोथिंग वद / (Record no. 212554)
[ view plain ]
| 000 -LEADER | |
|---|---|
| fixed length control field | 00799nam a22002057a 4500 |
| 005 - DATE AND TIME OF LATEST TRANSACTION | |
| control field | 20250724124057.0 |
| 010 ## - LCCN (DPL NO) | |
| LC control number | HIN-129967 |
| 020 ## - INTERNATIONAL STANDARD BOOK NUMBER | |
| Terms of availability | 350.00 |
| International Standard Book Number | 9789390594245 |
| 020 ## - INTERNATIONAL STANDARD BOOK NUMBER | |
| International Standard Book Number | 9789390594245 |
| Terms of availability | 350.00 |
| 035 ## - SYSTEM CONTROL NUMBER | |
| System control number | HN-102313 |
| 037 ## - SOURCE OF ACQUISITION | |
| Source of stock number/acquisition | DBAD |
| 082 ## - DEWEY DECIMAL CLASSIFICATION NUMBER | |
| Classification number | उ |
| 100 ## - MAIN ENTRY--PERSONAL NAME | |
| Personal name | ग्वालानी, शिव |
| 245 ## - TITLE STATEMENT | |
| Title | मास्टर ऑफ़ नोथिंग वद / |
| Statement of responsibility, etc | शिव ग्वालानी |
| 260 ## - PUBLICATION, DISTRIBUTION, ETC. (IMPRINT) | |
| Name of publisher, distributor, etc | एम्प्टी कैनवस पब्लिशर्स |
| Date of publication, distribution, etc | 2021 |
| 270 ## - ADDRESS | |
| Address | 4435-36/7, फर्स्ट फ्लोर अंसारी रोड , दरयागंज |
| City | दिल्ली |
| Postal code | 110034 |
| 300 ## - PHYSICAL DESCRIPTION | |
| Extent | 469पृ. |
| Dimensions | 22सेमी (अजिल्द) |
| 490 ## - SERIES STATEMENT | |
| Volume number/sequential designation | उ |
| 942 ## - ADDED ENTRY ELEMENTS (KOHA) | |
| Source of classification or shelving scheme | Dewey Decimal Classification |
| Item type | Hindi Books |
| Classification part | उ |
| Call number suffix | ग्वाल |
| Withdrawn status | Lost status | Not for loan | Collection code | Home library | Current library | Date acquired | Source of acquisition | Cost, normal purchase price | Full call number | Barcode | Copy number | Cost, replacement price | Koha item type |
|---|---|---|---|---|---|---|---|---|---|---|---|---|---|
| Non-fiction | Bawana | Bawana | 24/07/2025 | HN-102313 | 350.00 | उ ग्वाल | HN-102313 | 1 | 350.00 | Hindi Books |
